| 000 -LEADER |
| fixed length control field |
00698nam a22001337a 4500 |
| 040 ## - CATALOGING SOURCE |
| Transcribing agency |
RUA |
| 082 ## - DEWEY DECIMAL CLASSIFICATION NUMBER |
| Classification number |
AGR THA 2010 BO43 Or.1 |
| 100 ## - MAIN ENTRY--AUTHOR NAME |
| Personal name |
THANN, DARA |
| 245 ## - TITLE STATEMENT |
| Title |
ARTHROPOD PESTS AND NATURAL ENEMIES ON CASHEW TREE IN PRASAT SAMBO DISTRICT, KAMPONG THOM PROVINCE,(ប្រភេទសត្វល្អិតចង្រៃ និងមានប្រយោជន៍លើដំណាំស្វាយចន្ទី ណៅស្រុកប្រសាទសំបូរ ខេត្តកំពង់ធំ). |
| 260 ## - PUBLICATION, DISTRIBUTION, ETC. (IMPRINT) |
| Place of publication |
PHNOM PHEN |
| Name of publisher |
RUA |
| Year of publication |
2010 |
| 300 ## - PHYSICAL DESCRIPTION |
| Number of Pages |
XII,73P. |
| Other physical details |
ILL. |
| Dimensions |
29CM. |
| 856 ## - ELECTRONIC LOCATION AND ACCESS |
| Uniform Resource Identifier |
https://drive.google.com/file/d/1FyR38h9_UGgf-WslN1AfvwAKLPG6WT8K/view?usp=sharing |
| 942 ## - ADDED ENTRY ELEMENTS (KOHA) |
| Koha item type |
AGR |
| 952 ## - LOCATION AND ITEM INFORMATION (KOHA) |
| Withdrawn status [LOCAL, KOHA] |
0 |
| 952 ## - LOCATION AND ITEM INFORMATION (KOHA) |
| Withdrawn status [LOCAL, KOHA] |
0 |
| 952 ## - LOCATION AND ITEM INFORMATION (KOHA) |
| Withdrawn status [LOCAL, KOHA] |
0 |
| 952 ## - LOCATION AND ITEM INFORMATION (KOHA) |
| Withdrawn status [LOCAL, KOHA] |
0 |